| 000 | 00845cam a22002533a 4500 | ||
|---|---|---|---|
| 001 | 30660 | ||
| 003 | PGUSA | ||
| 005 | 20140828083649.0 | ||
| 008 | 091212s2009||||xxu|||||s|||||000 | eng d | ||
| 040 |
_aPGUSA _beng |
||
| 042 | _adc | ||
| 050 | 4 | _aRA | |
| 100 | 1 |
_aCornaro, Luigi, _d1475-1566 |
|
| 245 | 1 | 0 |
_aDiscourses on a Sober and Temperate Life : _bWherein is demonstrated, by his own Example, the Method of Preserving Health to Extreme Old Age _h[electronic resource] / _cLuigi Cornaro |
| 260 |
_bProject Gutenberg, _c2009 |
||
| 506 | _aPublic domain in the USA. | ||
| 516 | _aElectronic text | ||
| 653 | _aCornaro, Luigi, 1475-1566 | ||
| 653 | _aHealth -- Early works to 1800 | ||
| 653 | _aLongevity -- Early works to 1800 | ||
| 830 | 0 |
_aProject Gutenberg _v30660 |
|
| 856 | 4 | 0 | _uhttp://www.gutenberg.org/ebooks/30660 |
| 942 | _cEB | ||
| 999 |
_c259915 _d259915 |
||